| 000 | 00522cam a2200193 a 4500 | ||
|---|---|---|---|
| 001 | sa 68019970 | ||
| 003 | DLC | ||
| 005 | 20260227112721.0 | ||
| 008 | 970812s1964 ce 000 0 sin | ||
| 010 | _asa 68019970 | ||
| 040 |
_aDLC _cDLC _dDLC |
||
| 050 | 0 | 0 |
_aPK2859.J3 _bJ3 1964 |
| 100 | 1 | _aJayasēna, Henri. | |
| 245 | 1 | 0 |
_aJanēlaya / _cHenri Jayasēna. |
| 260 |
_a[Demaṭagoḍa, Koḷamba : _bAyi. Pī. Bī. Mudraṇālaya, _c1965] |
||
| 300 |
_a67 p. ; _c21 cm. |
||
| 546 | _aIn Sinhalese. | ||
| 500 | _aA play. | ||
| 999 |
_c89171 _d89171 |
||